Studies on reinforcement of natural rubber using high density polyethylene an evaluation of a product (Record no. 74507)

MARC details
000 -LEADER
fixed length control field 00426nam a2200133Ia 4500
100 ## - MAIN ENTRY--AUTHOR NAME
Personal name Dhanya, K.K.
245 #0 - TITLE STATEMENT
Title Studies on reinforcement of natural rubber using high density polyethylene an evaluation of a product
260 ## - PUBLICATION, DISTRIBUTION, ETC. (IMPRINT)
Name of publisher University of Calicut
Place of publication Calicut
Year of publication 2010
500 ## - GENERAL NOTE
General note Available in RT
500 ## - GENERAL NOTE
General note Course: M.Sc.
700 ## - ADDED ENTRY--PERSONAL NAME
Personal name Mr KN Madhusoodanan
942 ## - ADDED ENTRY ELEMENTS (KOHA)
Koha item type Theses
Holdings
Withdrawn status Lost status Damaged status Not for loan Collection code Home library Current library Shelving location Date acquired Koha item type
      Theses Dissertation RRII Library RRII Library Rubber technology 31/12/2021 Theses